000 00888nam a2200277Ia 4500
003 OSt
005 20221007122437.0
006 a|||||r|||| 00| 0
007 ta
008 221006b |||||||| |||| 00| 0 eng d
020 _a978811973 (pbk)
024 _a95587
037 _b2426, 03/02/2010, New India Book Agency
_cTextbook
040 _aPAPL
_cPAPL
_beng
041 _2eng
_aeng
082 _aC:(B), N9;2 Carpa
100 _aHassani Sadri
245 0 _aMathematical physics:a modern introduction to its foundations
260 _aNew
_bYork Springer
_c1999
300 _axxii, 1025p.
_ccm.
500 _aBibliography 1003-1006p.; Index 1007-1025p.
650 _a Mathematical physics
_9463933
650 _aPhysics
942 _hC:(B), N9;2 Carpa
_cTB
_2CC
999 _c1210354
_d1210354